000 00315 a2200145 4500
001 121869
020 _a97885403122302
040 _cEscola Canadense de Niteroi
100 _aPernambuco, Heitor
245 1 0 _aGeografia sem fronteiras 8
300 _bil.
362 0 _a2018
650 4 _aGeografia
942 _cBK
999 _c121869
_d121869